000 00542nam a2200181Ia 4500
003 GCL
008 140319s9999 xx 000 0 ara d
040 _aGCL /
_cGCL
082 0 4 _a813.01
_bع ا
100 1 _aعلاء الديب
245 1 0 _aاطفال بلا دموع /
_cعلاء الديب
300 _a111 ص
490 _aروايات الهلال
_v0
650 0 4 _aالقصص القصيرة
650 0 4 _aالقصص العربية القصيرة
650 0 4 _aالادب العربى - العصر الحديث
942 _2ddc
_cBK
999 _c39950
_d39950